Normal view
MARC view
- Computer organization and Design
Entry Topical Term
001 - CONTROL NUMBER
- control field: 711
003 - CONTROL NUMBER IDENTIFIER
- control field: NUST
005 - DATE AND TIME OF LATEST TRANSACTION
- control field: 20170515120054.0
008 - FIXED-LENGTH DATA ELEMENTS
- fixed length control field: 170515|| aca||aabn | a|a d
040 ## - CATALOGING SOURCE
- Original cataloging agency: NUST
- Transcribing agency: NUST
150 ## - HEADING--TOPICAL TERM
- Topical term or geographic name entry element: Computer organization and Design
670 ## - SOURCE DATA FOUND
- Source citation: Work cat.: (NUST)23955: Patterson,David A. 710, Computer Organization & Design , c2005
